000 00308nam a22001457a 4500
003 SGT
020 _a978-93-530-6559-1
082 _a151
_bA19B
100 _aBUTCHER, JAMES N.
245 _aABNORMAL PSYCHOLOGY
250 _a17TH
260 _aINDIA
_bPEARSON
_c2019
300 _a883
942 _2ddc
_cBK
_067
999 _c18151
_d18151